Tècniques participatives per al debat grupal : eines per a la participació ciutadana / Joel Martí eines per a la participació ciutadana / Joel Martí
ISBN:
84-9803-091-9
Descripción Física:
77 p. : quadres ; 30 cm
Colección:
Papers de participació ciutadana ; 17
MARC
| LEADER | 00000nam a2200000Ia 4500 | ||
|---|---|---|---|
| 001 | 17664 | ||
| 008 | 160829s2006 xx 000 0 cat d | ||
| 020 | |a 84-9803-091-9 | ||
| 080 | |a M-5-211 | ||
| 100 | |a Martí i Olivé, Joel |9 23410 | ||
| 245 | |a Tècniques participatives per al debat grupal : |b eines per a la participació ciutadana / Joel Martí | ||
| 260 | |a [Barcelona] : |b Diputació de Barcelona, |c 2006 | ||
| 300 | |a 77 p. : |b quadres ; |c 30 cm | ||
| 490 | |a Papers de participació ciutadana ; 17 | ||
| 590 | |a Bibliografia. | ||
| 590 | |a A la coberta: Organisme Autònom Flor de Maig. Centre per a la Participació Ciutadana | ||
| 650 | |a Municipis |x Govern i administració |x Participació ciutadana |9 27439 | ||
| 710 | 1 | |a Barcelona (Catalunya : Província). |b Diputació |9 52408 | |
| 901 | |a Arxiu | ||
| 942 | |n 1 | ||
| 952 | |0 0 |1 0 |4 0 |6 M5211 |7 1 |9 42697 |a Arxiu |b Arxiu |d 2016-12-01 |l 0 |o M-5-211 |p 17664 |r 2016-12-01 00:00:00 |w 2016-12-01 |y ARXIU | ||
| 999 | |c 45203 |d 45203 | ||